Mortalidad Mundial en 2000 (Registro nro. 1472)

Detalles MARC
000 -LEADER
fixed length control field 00827nam a2200289 a 4500
003 - CONTROL NUMBER IDENTIFIER
control field OSt
005 - FECHA ULTIMA MODIFICACION
control field 20190627105444.0
008 - FIXED-LENGTH DATA ELEMENTS--GENERAL INFORMATION
fixed length control field 130530s2002 sz ||||| |||| 00| 0 spa d
020 ## - INTERNATIONAL STANDARD BOOK NUMBER
International Standard Book Number 92 4 156204 8
040 ## - CATALOGING SOURCE
Transcribing agency Biblioteca Medicina
041 ## - LANGUAGE CODE
Language code of text/sound track or separate title spa
-- eng
-- fre
082 ## - DEWEY DECIMAL CLASSIFICATION NUMBER
Classification number OMS HB 1322
100 1# - MAIN ENTRY--PERSONAL NAME
Personal name Lopez, A. D.
9 (RLIN) 2377
245 ## - TITLE STATEMENT
Title Mortalidad Mundial en 2000
Remainder of title Tablas de mortalidad en 191 paises
250 ## - EDITION STATEMENT
Edition statement 1° ed.
260 ## - PUBLICATION, DISTRIBUTION, ETC. (IMPRINT)
Place of publication, distribution, etc Ginebra
Name of publisher, distributor, etc Organizacion Mundial de la Salud
Date of publication, distribution, etc 2000
300 ## - PHYSICAL DESCRIPTION
Extent 690 p.
500 ## - GENERAL NOTE
General note Baja Depósito Caja 33 Junio 2019
653 ## - INDEX TERM--UNCONTROLLED
Uncontrolled term MORTALIDAD-TABLAS
700 10 - ADDED ENTRY--PERSONAL NAME
Personal name Ahmad, O. B.
9 (RLIN) 2378
700 10 - ADDED ENTRY--PERSONAL NAME
Personal name Ferguson, B. D.
9 (RLIN) 2379
700 10 - ADDED ENTRY--PERSONAL NAME
Personal name Guillot, M.
9 (RLIN) 2380
700 10 - ADDED ENTRY--PERSONAL NAME
Personal name Salomon, J. A.
9 (RLIN) 2381
700 10 - ADDED ENTRY--PERSONAL NAME
Personal name Murray, C. J. L.
9 (RLIN) 2382
700 10 - ADDED ENTRY--PERSONAL NAME
Personal name Hill, K. H.
9 (RLIN) 2383
942 ## - ADDED ENTRY ELEMENTS (KOHA)
Source of classification or shelving scheme Dewey Decimal Classification
Koha item type Hemeroteca
Existencias
Withdrawn status Lost status Fuente de clasificación Damaged status Use restrictions Not for loan Colección Ubicación permanente Ubicación actual Sala de ubicación Fecha de adquisición Total Checkouts Número de clasificación Código de barras Date last seen Número de ejemplar Price effective from Koha tipo de elemento (item)
    Dewey Decimal Classification   Restricted Access Not For Loan Non-fiction Biblioteca Medicina Biblioteca Medicina Circulación 30/05/2013   OMS HB 1322 H0011 06/11/2014 Ej. 1 30/05/2013 Hemeroteca

UNIVERSIDAD NACIONAL DEL COMAHUE
Biblioteca de la Facultad de Ciencias Médicas
Sede Toschi: Los Arrayanes y Av. Toschi, Cipolletti  - Rio Negro
Sede Los Tordos:  Yrigoyen al 2211, Cipolletti - Rio Negro 

Teléfono: 0299 - 4774707 int 25
Contacto: biblioteca@facimed.uncoma.edu.ar
© 2011 - 2026